|
|
|
|
| LEADER |
00000nkmaa2200000 a 4500 |
| 001 |
vtls010077264 |
| 003 |
SK-MaSNL |
| 005 |
20260512122656.0 |
| 007 |
kp ao |
| 008 |
231204q1900 gw 000 ||00 k|hun |
| 015 |
|
|
|a SNBG1900
|
| 035 |
|
|
|a B7532F17-FEFA-4527-9677-A34A20D62547
|
| 035 |
|
|
|a urn:nbn:sk:snk-km001xo1
|
| 035 |
|
|
|a urn:nbn:sk:snk-kmth3e
|
| 040 |
|
|
|a SNKLA
|b slo
|c SNKLA
|e AACR2
|
| 041 |
0 |
|
|a hun
|a ger
|
| 044 |
|
|
|a gw
|c DE
|
| 072 |
|
7 |
|a 913
|x Regionálna geografia
|2 konspekt
|
| 080 |
|
|
|a 913(437.6)
|2 2011
|
| 080 |
|
|
|a (084.121)
|2 2011
|
| 245 |
0 |
0 |
|a Pozsóny
|h [grafika]
|b Stefánia-út.
|
| 246 |
1 |
1 |
|a Pressburg
|b Stefaniestrasse
|
| 260 |
|
|
|a München
|b Carl Otto Hayd, Kunst- und Verlags-Anstalt
|c [1900?]
|
| 300 |
|
|
|a 1 pohľadnica
|b tónovaná do hneda
|c 9x14 cm
|
| 651 |
|
7 |
|a Bratislava (Slovensko)
|2 SNKPH
|9 14568
|
| 651 |
|
7 |
|a Slovensko
|2 SNKPH
|9 14231
|
| 655 |
|
7 |
|a miestne pohľadnice
|2 SNKPH
|9 70510
|
| 655 |
|
7 |
|a historické pohľadnice
|2 SNKPH
|9 159703
|
| 752 |
|
|
|a Slovensko
|d Bratislava
|
| 958 |
|
|
|a GC
|
| 958 |
|
|
|a BLA
|
| 999 |
|
|
|c 660987
|d 662917
|
| 952 |
|
|
|a SNKLA
|b SNKLA
|c SNKLA_DEP
|y NEVYP
|7 0
|p 17A0647023
|o snkLA 47/1974
|0 0
|1 0
|4 0
|d 2014-07-04
|f 1
|l 0
|r 2026-02-23 18:53:09
|w 2026-02-23
|